埼玉西武ライオンズ歴代チーム名 - Statistics

General Stats
  • This quiz has been taken 17 times
  • The average score is 4 of 6
Answer Stats
Hint 本拠地 Answer % Correct
1979〜2007 西武ドーム 西武ライオンズ
100%
2008〜 埼玉西武ライオンズ
100%
1951〜1972 平和台球場 西鉄ライオンズ
93%
1977〜1978 クラウンライター・ライオンズ
67%
1973〜1976 太平洋クラブ・ライオンズ
60%
1950 春日原球場 西鉄クリッパース
20%
No matching quizzes found
Score Distribution
Percent of People with Each Score
Percentile by Number Answered
Your Score History
You have not taken this quiz